000 00537nam a22001937a 4500
005 20251108165340.0
008 250721s1996 xx 000 0 ara d
082 1 4 _a214.6/نحو
100 1 _aالنحوي، عدنان علي
245 1 0 _aالحقيقة الكبرى في الكون و الحياة /
264 1 _aعمان :
_bدار النحوي،
_c1996.
300 _a228ص
650 1 7 _aالإيمان
650 1 7 _aالكون
650 1 7 _aالتوحيد
650 1 7 _aالحياة
942 _2ddc
_cBK
999 _c25716
_d25716